|
|
|
|
| LEADER |
01159nab#a2200313#ar4500 |
| 001 |
000072869 |
| 003 |
SVKKK |
| 005 |
20030415xxxxxxx. |
| 008 |
06 c xo huno |
| FMT |
|
|
|
| 038 |
|
|
|a SVKKK
|
| 040 |
|
|
|a SVKKK
|b slo
|e AACR2
|
| 041 |
0 |
|
|a hun
|
| 044 |
|
|
|a xo
|c SK
|
| 080 |
|
|
|a 637
|
| 100 |
1 |
|
|a Sör, Samuelné [?]
|4 aut
|
| 242 |
1 |
0 |
|a Vyhlásenie
|
| 245 |
1 |
0 |
|a Nyilatkozat
|c Samuelné [?] Sör
|
| 500 |
|
|
|a mikrofilm
|
| 520 |
2 |
|
|a Odozva humenskej mliekarky Samuelné [?] Sör na článok uverejnený v č.16/1908 týždenníka Felvidéki Hirlap ohľadom riedenia mlieka. Tvrdí, že v ten deň, keď bola konaná kontrola odkupovala mlieko od dodávateľa z Kamenice nad Cirochou Benjamína Benovicsa, čo môže dokázať.
|
| 650 |
0 |
4 |
|a riedenie mlieka - Sör, Samuelné (mliekarka) - Felvidéki Hirlap (týždenník) - č.16/1908 - odozva - Humenné - júl 1908 - texty
|
| 773 |
0 |
|
|t Felvidéki Hirlap : Közgazdasági, társadalmi és szépirodalmi hetilap
|g Roč. 1, č. 17 (05.07.1908) s. 4
|
| 957 |
|
|
|a Humenné
|
| 958 |
|
|
|a DG
|
| 958 |
|
|
|a SK
|
| 974 |
|
|
|a Ba
|d 20030415
|
| 992 |
|
|
|a RBX
|
| BAS |
|
|
|
| 998 |
|
|
|a RETRO
|